| 000 | 01209cam a22001934a 4500 | ||
|---|---|---|---|
| 005 | 20250605164149.0 | ||
| 008 | 250528s ||||||||||||||||||||||||d | ||
| 035 | _a19289 | ||
| 040 |
_aGR-AtMCL _bgre _dGR-AtMCL _eAACR2 |
||
| 245 | 1 | _aThe USA / A History in Art | |
| 260 |
_bGemini Smith Inc. Book, _c1975 |
||
| 300 | _a298 | ||
| 505 | 0 | _aAcknowledgements, Preface, Introduction to the Art of the USA, Introduction to the History of the USA, The First Americans, The Explorers, The Settlements, Revolution and Independence, The Rising Country, Expansion and Growing Pains, From Sea to Shining Sea, The War Between the States, The Gilded Age, The Country United, Only Yesterday, The Works of Art, Bibliography, Index. | |
| 520 | _aAcknowledgements, Preface, Introduction to the Art of the USA, Introduction to the History of the USA, The First Americans, The Explorers, The Settlements, Revolution and Independence, The Rising Country, Expansion and Growing Pains, From Sea to Shining Sea, The War Between the States, The Gilded Age, The Country United, Only Yesterday, The Works of Art, Bibliography, Index. | ||
| 700 | 1 |
_aSmith Bradley _95523 |
|
| 942 | _cBK | ||
| 999 |
_c4552 _d4552 |
||